| 000 | 00652nab a2200205 a 4500 | ||
|---|---|---|---|
| 005 | 20251023063920.0 | ||
| 008 | 991125s1985 mx 000 0 spa u | ||
| 035 | _aUPN01000150877 | ||
| 100 | 1 | _aARMSTRONG, Steven J. | |
| 222 | _aEDUCATIONAL PSYCHOLOGY | ||
| 222 | _bAN INTERNATIONAL JOURNAL OF EXPERIMENTAL EDUCATIONAL PSYCHOLOGY | ||
| 245 | _aThe influence of individual cognitive style on performance in management education | ||
| 260 | _aAustralia | ||
| 300 | _a323-339 | ||
| 362 | 0 | _a2000 Vol. 20, no. 3 (sept.) | |
| 650 | 4 |
_aAdministración educativa _9498 |
|
| 650 | 4 | _aHABILIDADES | |
| 650 | 4 | _aESTILO COGNITIVO | |
| 905 | _aArticulo | ||
| 999 |
_c123017 _d123017 |
||